00451nam a2200145 4500001000700000003000900007005001700016007000300033008004100036100004200077245006700119260007600186300002200262852002100284120219ES-MaACL20251111063349.0t|070214s1903 sp r ||||1| spa d1 aPérez Zúñiga, Juan, d1860-193810aAmantes célebres puestos en solfa / cJuan Pérez Zuñiga. aMadrid : b[s.n.], c1903 (fImprenta de los hijos de M.G. Hernández) a175 p. ; c19 cm. aES-MaACLjA-4750